Собиратель бабочек (Запись № 4880207)

Подробности
000 -МАРКЕР
контрольное поле 01068nam0a22003371 4500
001 - ИДЕНТИФИКАТОР ЗАПИСИ
контрольное поле v19\rc\1738651
005 - ИДЕНТИФИКАТОР ВЕРСИИ
контрольное поле 20250630115419.0
035 ## - ДРУГИЕ СИСТЕМНЫЕ НОМЕРА
Идентификатор записи (NLR Aleph) 004846857
100 ## - ДАННЫЕ ОБЩЕЙ ОБРАБОТКИ
Данные общей обработки 20061204d1902 |||y0rusy50 ca
101 1# - ЯЗЫК РЕСУРСА
Язык текста, звукозаписи и т.д. русский
Язык оригинала немецкий
102 ## - СТРАНА ПУБЛИКАЦИИ ИЛИ ПРОИЗВОДСТВА
Страна публикации Российская Федерация
105 ## - ПОЛЕ КОДИРОВАННЫХ ДАННЫХ: ТЕКСТОВЫЕ МАТЕРИАЛЫ, МОНОГРАФИЧЕСКИЕ
Кодированные данные о монографическом текстовом документе a z |||||
200 1# - ЗАГЛАВИЕ И СВЕДЕНИЯ ОБ ОТВЕТСТВЕННОСТИ
Основное заглавие Собиратель бабочек
Первые сведения об ответственности Александр Бау
Последующие сведения об ответственности Пер. с нем. под ред. Л.Я. Френкеля
210 ## - ПУБЛИКАЦИЯ, РАСПРОСТРАНЕНИЕ И ДР.
Место издания, распространения и т.д. Санкт-Петербург
Имя издателя, распространителя и т. д. Гос. тип.
Дата издания, распространения и т.д. ценз. 1902
215 ## - ФИЗИЧЕСКАЯ ХАРАКТЕРИСТИКА
Специфическое обозначение материала и объем 130, II с.
Другие сведения о физической характеристике ил.
Размеры 19
700 #1 - ИМЯ ЛИЦА - ПЕРВИЧНАЯ ОТВЕТСТВЕННОСТЬ
Начальный элемент ввода Бау
Часть имени, кроме начального элемента ввода А.
Даты 1853-
Расширение инициалов личного имени Александр
702 #1 - ИМЯ ЛИЦА - ВТОРИЧНАЯ ОТВЕТСТВЕННОСТЬ
Начальный элемент ввода Френкель
Часть имени, кроме начального элемента ввода Л.Я.
Расширение инициалов личного имени Леонид Яковлевич
Код отношения Редактор
801 #0 - ИСТОЧНИК ЗАПИСИ
Страна Российская Федерация
Организация NLR
Правила каталогизации psbo
801 #0 - ИСТОЧНИК ЗАПИСИ
Страна Российская Федерация
Организация RuMoRGB
Источник данных psbo
801 #1 - ИСТОЧНИК ЗАПИСИ
Страна Российская Федерация
Организация ProSoft-M
Источник данных rusmarc
852 ## - МЕСТОНАХОЖДЕНИЕ И ШИФР ХРАНЕНИЯ
Идентификатор организации NLR
Шифр хранения (Call Number) 34.86.2.13
852 ## - МЕСТОНАХОЖДЕНИЕ И ШИФР ХРАНЕНИЯ
Идентификатор организации NLR
Шифр хранения (Call Number) 129/5381
852 ## - МЕСТОНАХОЖДЕНИЕ И ШИФР ХРАНЕНИЯ
Идентификатор организации NLR
Наименование фонда или коллекции (Sub-Location Identifier) Мф
Шифр хранения (Call Number) К1/683
899 ## - ДАННЫЕ О МЕСТОНАХОЖДЕНИИ (устаревшее)
Местонахождение RuMoRGB
Шифр хранения U 103/673
899 ## - ДАННЫЕ О МЕСТОНАХОЖДЕНИИ (устаревшее)
Местонахождение RuMoRGB
Шифр хранения U 162/136
899 ## - ДАННЫЕ О МЕСТОНАХОЖДЕНИИ (устаревшее)
Местонахождение RuMoRGB
Шифр хранения B 62/122
899 ## - ДАННЫЕ О МЕСТОНАХОЖДЕНИИ (устаревшее)
Местонахождение БАН
899 ## - ДАННЫЕ О МЕСТОНАХОЖДЕНИИ (устаревшее)
Местонахождение НБ МГУ
942 ## - ДОПОЛНИТЕЛЬНЫЕ ЭЛЕМЕНТЫ ЗАПИСИ (АБИС)
Тип экземпляра АБИС Книга
980 ## - КОЛЛЕКЦИЯ
Название коллекции Национальная библиография
Экземпляры
Тип экземпляра Дата поступления Библиотека постоянного хранения Библиотека текущего хранения Место хранения Шифр хранения Штрих-код Статус экземпляра
Микрофильм 26.10.2013 РНБ (Московский) РНБ (Московский) Фонд микроформ Мф К1/683 4846857-30  
Книга 26.10.2013 РНБ (Московский) РНБ (Московский) Неопределен, для заказа не доступен, в ЭК виден   4846857-70  
Книга 26.10.2013 РНБ (Московский) РНБ (Московский) Неопределен, для заказа не доступен, в ЭК виден   4846857-80  
Книга 26.10.2013 РНБ (Садовая) РНБ (Садовая) Русский книжный фонд -Главное здание, Ленинский читальный зал 34.86.2.13 4846857-10  
Книга 26.10.2013 РНБ (Садовая) РНБ (Садовая) Русский книжный фонд -Главное здание, Ленинский читальный зал 129/5381 4846857-20